00566nam a2200121Ia 4500008004100000100002200041245012600063260006400189650001500253856008400268999001900352952007300371160712s9999 xx 000 0 und d aSankaran, Chitra. cChitra SankaranaReworlding Asian Female Locations through Literature: An Analysis of Three Novels by Asian Women Writers c2015bJournal of English Studies and Comparative Literature xLITERATURE uhttp://journals.upd.edu.ph/index.php/jescl/issue/view/Special%20Edition/showToc c297069d297069 001040aCLbCLd2016-07-12l0r2016-07-12 00:00:00w2016-07-12yFEJ